000 01300nam2a22003371 4500
001 v19\rc\1283319
005 20250618023655.0
035 _a(NLR Aleph) 004453057
090 _a4482339
_c4482339
100 _a20060306d1840 |||y0rusy50 ca
101 1 _arus
_cfre
102 _aRU
105 _ac z |||||
200 1 _aДе Рюйтер
210 _d1840
_aБ. м.
215 _a434 с. разд. паг., 2 л. портр.
423 0 _11010#$arus
_12001#$aКорнелий де Тромп
_tКорнелий де Тромп
461 0 _1001v19\rc\1283317
_12001#$aСлавнейшие флотоводцы$eПер. с фр. изд. в 1817 г. Т. 1-$vТ. 2$90
_94482330
_cСанкт-Петербург
_d1840
_nтип. Иверсена
_oПер. с фр. изд. в 1817 г. Т. 1-
_tСлавнейшие флотоводцы
_vТ. 2$90
702 1 _aРюйтер
_bМ.А. де
_f1607-1676
_gМихель Андрианзон де
_4570
702 1 _aТромп
_bК.
_f1619-1691
_gКорнелий
_4570
801 0 _aRU
_bNLR
_gpsbo
801 0 _aRU
_bRuMoRGB
_2psbo
801 1 _aRU
_bProSoft-M
_2rusmarc
852 _aNLR
_j18.9.2.18
852 _aNLR
_j128/1915
899 _aRuMoRGB
_jG 21/82
899 _aБАН
899 _aНБ СПбГУ
899 _aГПИБ
942 _cBOOK
980 _aNB